000 00552nam a2200217Ia 4500
003 0100
008 130227s9999 xx 000 0 und d
040 _cARRUPELIB
050 _aBJ1521.V256 2006
100 _aHooft, Stan van
245 _aUnderstanding virtue ethics
260 _aChesham
260 _bAcumen Publishing Limited
260 _C2006
300 _av
300 _b 14p. 22cm.
440 _aUnderstanding movements in modern thought
650 _bAristotle - Metaphysics
650 _cAristotle - Ontology
942 _2lcc
_04
999 _c4491
_d4491